00364 2200157 4500001002100000005001500021035002000036245004500056100002500101250000600126300001200132260002800144082000800172084001400180990001200194INLIS00000000000247720250604110447 a0010-06250000631 aGuyon Demo Krasi /cDarminto M ; Sudarto0 aDarminto M ; Sudarto a1 a114 hlm bKombat Publisher,c2003 a300 a300 DAR g a0712303